| 000 | 00795nam a2200277Ia 4500 | ||
|---|---|---|---|
| 003 | OSt | ||
| 005 | 20221005062551.0 | ||
| 006 | a|||||r|||| 00| 0 | ||
| 007 | ta | ||
| 008 | 221004b |||||||| |||| 00| 0 eng d | ||
| 020 | _a0761958460 | ||
| 024 | _a45800 | ||
| 037 | _cTextual | ||
| 040 |
_aCRL _cCRL _beng |
||
| 041 |
_2eng _aeng |
||
| 082 | _aNM, P0 | ||
| 100 |
_aEmmison Michael _9601963 |
||
| 245 | 0 |
_aResearching the visual _b Images, objects, contexts and interactions in social and cultural inquiry |
|
| 260 |
_aLondon _bSage Publication _c2000 |
||
| 300 |
_a241p. _ccm. |
||
| 490 | _aIntroduction qualitative methods | ||
| 650 | _aARTS | ||
| 700 | _a Smith Philip | ||
| 942 |
_hNM, P0 _cTEXL _2cc |
||
| 999 |
_c969883 _d969883 |
||